Nezamestnanosť a aktívne opatrenia na trhu práce v kontexte hospodárskej krízy

Trh práce na Slovensku v podmienkach hospodárskej krízy - nárast počtu nezamestnaných. Vývoj miery nezamestnanosti podľa krajov. Opatrenia na trhu práce na zmiernenie dopadov ekonomickej krízy. Aktívna politika trhu práce v rokoch 2006-2009. V marci 2009 boli prijaté niektoré aktívne opatrenia na tr...

Full description

Saved in:
Bibliographic Details
Main Author: Rievajová, Eva
Other Authors: Husáková, Mária
Format: Book Chapter
Language:Slovak
Subjects:
Tags: Add Tag
No Tags, Be the first to tag this record!

MARC

LEADER 00000naa$a2200000$$$4500
001 0102439
005 20240502072119.5
041 0 |a slo 
044 |a SK 
245 1 0 |a Nezamestnanosť a aktívne opatrenia na trhu práce v kontexte hospodárskej krízy  |c Eva Rievajová, Mária Husáková 
520 |a Trh práce na Slovensku v podmienkach hospodárskej krízy - nárast počtu nezamestnaných. Vývoj miery nezamestnanosti podľa krajov. Opatrenia na trhu práce na zmiernenie dopadov ekonomickej krízy. Aktívna politika trhu práce v rokoch 2006-2009. V marci 2009 boli prijaté niektoré aktívne opatrenia na trhu práce. 
610 2 0 |a nezamestnanosť 
610 2 0 |a nezamestnaní 
610 2 0 |a trh práce 
610 2 0 |a kríza hospodárska 
610 2 0 |a podnik sociálny 
610 2 0 |a Slovensko 
100 1 |a Rievajová, Eva 
700 1 |a Husáková, Mária